000 00330nam a2200145Ia 4500
100 _aPappas/Chris/ Murray/W.H
250 _a2
942 _cBK
654 _aComputer
245 _aVisuals C++ 5 Complete Reference
260 _bTata Mc Graw hill
_aNew Delhi
_c1997
082 _a5.13
_bPAD
300 _a998
546 _aENGLISH
999 _c27442
_d27442